000 00660nam a2200217Ii 4500
003 JO-AjNU
008 230605s9999||||xx |||||||||||||| ||und||
017 _a2015/1/257
040 _aJO-AjNU
_bara
_erda
_cJO-AjNU
041 _aara
050 1 4 _aBP130.4 2015
100 3 _aعبد الكريم، هاني محمد,
_eauthor
_950843
245 0 0 _aخواطر الشعراوي في الأسماء الحسنى
250 _aط1
264 3 1 _aعمان: المؤلف، 2015
300 _a203ص
336 _atext
_btxt
_2rdacontent
337 _aunmediated
_bn
_2rdamedia
338 _avolume
_bnc
_2rdacarrier
650 4 _aالاسماء الحسنى
_950844
999 _aA22421
_c25989
_d25989